00318nam a2200109Ia 450000500170000000800410001710000200005824500950007826000140017330000110018765000100019820260328104313.0260328s9999||||xx |||||||||||||| ||und|| aDersin, Denise  0aWhat Life was Like in the jewel in the crown Bristish India Ad 1600- 1905 /cDenise Dersin bTime Life a144 p. aINDIA